000 00643cam a22002291 4500
001 16587
003 BD-RjUL
005 20211209000028.0
008 140215s1960 enka 000 0 eng
035 _a(BD-RjUL)16642
040 _aDLC
_cNBiSU
_dUk
_dOCoLC
_dDLC
_dBD-RjUL
_beng
041 _aeng
082 0 0 _a743.83
_bHUL 1960
100 1 _aHutchings, G. E.
_q(Geoffrey Edward)
_951244
245 1 0 _aLandscape drawing /
_cG. E. Hutchings.
260 _aLondon :
_bMethuen,
_c1960.
300 _aix, 134 p. :
_billus. ;
_c15 x 23 cm.
650 0 _aLandscape drawing.
_951245
942 _2ddc
_cBK
999 _c16587
_d16587